El estudio de las políticas públicas
Guardat en:
| Altres autors: | |
|---|---|
| Format: | Llibre |
| Idioma: | Spanish |
| Publicat: |
1992
|
| Etiquetes: |
Afegir etiqueta
Sense etiquetes, Sigues el primer a etiquetar aquest registre!
|
MARC
| LEADER | 00000nam a22000007a 4500 | ||
|---|---|---|---|
| 003 | cru CIDCACS/IIS | ||
| 005 | 20231121152507.0 | ||
| 007 | ta | ||
| 008 | 170331b1992 MX ||||| |||| 00| 0 spa d | ||
| 040 | |c cru CIDCACS/IIS |a CRAI/IIS | ||
| 090 | |a 04.03.02 L348e | ||
| 100 | 1 | |4 editor |9 3834 |a Aguilar Villanueva, Luis F. | |
| 245 | |a El estudio de las políticas públicas | ||
| 260 | |c 1992 | ||
| 942 | |2 z |c LI |h 04.03.02 L348e |i 17839 |6 040302_L348E_17839 | ||
| 999 | |c 19114 |d 19114 | ||
